<?xml version="1.0" encoding="UTF-8"?>
<record
    xmlns:xsi="http://www.w3.org/2001/XMLSchema-instance"
    xsi:schemaLocation="http://www.loc.gov/MARC21/slim http://www.loc.gov/standards/marcxml/schema/MARC21slim.xsd"
    xmlns="http://www.loc.gov/MARC21/slim">

  <leader>01240nam a2200301Ia 4500</leader>
  <controlfield tag="005">20220317001000.0</controlfield>
  <controlfield tag="008">160825s2008    mx a   g      000 0 spa  </controlfield>
  <datafield tag="020" ind1=" " ind2=" ">
    <subfield code="a">97896818587012</subfield>
  </datafield>
  <datafield tag="082" ind1="0" ind2="4">
    <subfield code="a">001.42</subfield>
    <subfield code="b">T15p</subfield>
  </datafield>
  <datafield tag="100" ind1="1" ind2=" ">
    <subfield code="a">Tamayo y Tamayo, Mario</subfield>
  </datafield>
  <datafield tag="245" ind1="1" ind2="3">
    <subfield code="a">El proceso de la investigaci&#xF3;n cient&#xED;fica</subfield>
    <subfield code="b">incluye evaluaci&#xF3;n y administraci&#xF3;n de proyectos de investigaci&#xF3;n</subfield>
    <subfield code="c">Mario Tamayo y Tamayo</subfield>
  </datafield>
  <datafield tag="250" ind1=" " ind2=" ">
    <subfield code="a">4a. edici&#xF3;n </subfield>
  </datafield>
  <datafield tag="300" ind1=" " ind2=" ">
    <subfield code="a">440 p&#xE1;ginas </subfield>
    <subfield code="b">ilustraciones en blanco y negro </subfield>
    <subfield code="c">23 cm </subfield>
  </datafield>
  <datafield tag="500" ind1=" " ind2=" ">
    <subfield code="a">Incluye glosario </subfield>
  </datafield>
  <datafield tag="504" ind1=" " ind2=" ">
    <subfield code="a">Incluye bibliograf&#xED;a</subfield>
  </datafield>
  <datafield tag="505" ind1=" " ind2=" ">
    <subfield code="a">El conocimiento cient&#xED;fico ; La investigaci&#xF3;n cient&#xED;fica ; El proyecto de investigaci&#xF3;n ; Evaluaci&#xF3;n del proyecto de investigaci&#xF3;n ; Administraci&#xF3;n de la investigaci&#xF3;n ; El informe cient&#xED;fico </subfield>
  </datafield>
  <datafield tag="650" ind1="1" ind2="4">
    <subfield code="2">LEMB</subfield>
    <subfield code="a">Investigaci&#xF3;n cientifica</subfield>
  </datafield>
  <datafield tag="650" ind1="1" ind2="4">
    <subfield code="2">LEMB</subfield>
    <subfield code="a">Evaluaci&#xF3;n de proyectos</subfield>
  </datafield>
  <datafield tag="650" ind1="1" ind2="4">
    <subfield code="2">LEMB</subfield>
    <subfield code="a">Administraci&#xF3;n de proyectos</subfield>
  </datafield>
  <datafield tag="650" ind1="1" ind2="4">
    <subfield code="2">LEMB</subfield>
    <subfield code="a">Metodolog&#xED;a cient&#xED;fica</subfield>
  </datafield>
  <datafield tag="650" ind1="1" ind2="4">
    <subfield code="2">LEMB </subfield>
    <subfield code="a">Conocimiento</subfield>
  </datafield>
  <datafield tag="942" ind1=" " ind2=" ">
    <subfield code="2">ddc</subfield>
    <subfield code="c">BK</subfield>
  </datafield>
  <datafield tag="264" ind1=" " ind2=" ">
    <subfield code="a">M&#xE9;xico</subfield>
    <subfield code="b">Limusa</subfield>
    <subfield code="c">2008</subfield>
  </datafield>
  <datafield tag="336" ind1=" " ind2=" ">
    <subfield code="a">texto</subfield>
    <subfield code="b">txt</subfield>
    <subfield code="2">rdacontent</subfield>
  </datafield>
  <datafield tag="337" ind1=" " ind2=" ">
    <subfield code="a">sin mediaci&#xF3;n</subfield>
    <subfield code="b">n</subfield>
    <subfield code="2">rdamedia</subfield>
  </datafield>
  <datafield tag="338" ind1=" " ind2=" ">
    <subfield code="a">volumen</subfield>
    <subfield code="b">nc</subfield>
    <subfield code="2">rdacarrier</subfield>
  </datafield>
  <datafield tag="040" ind1=" " ind2=" ">
    <subfield code="a">CO-BoRNBP</subfield>
    <subfield code="b">spa</subfield>
    <subfield code="e">rda</subfield>
    <subfield code="c">CO-BoRNBP</subfield>
  </datafield>
  <datafield tag="999" ind1=" " ind2=" ">
    <subfield code="c">5581</subfield>
    <subfield code="d">5581</subfield>
  </datafield>
  <datafield tag="952" ind1=" " ind2=" ">
    <subfield code="0">0</subfield>
    <subfield code="1">0</subfield>
    <subfield code="2">ddc</subfield>
    <subfield code="4">0</subfield>
    <subfield code="7">0</subfield>
    <subfield code="8">GEN</subfield>
    <subfield code="a">MEMESETA</subfield>
    <subfield code="b">MEMESETA</subfield>
    <subfield code="d">2023-03-14</subfield>
    <subfield code="l">0</subfield>
    <subfield code="o">001.42 T15p</subfield>
    <subfield code="p">ME00007</subfield>
    <subfield code="r">2023-03-14 00:00:00</subfield>
    <subfield code="t">Ej.1</subfield>
    <subfield code="w">2023-03-14</subfield>
    <subfield code="y">BK</subfield>
  </datafield>
  <datafield tag="952" ind1=" " ind2=" ">
    <subfield code="0">0</subfield>
    <subfield code="1">0</subfield>
    <subfield code="2">ddc</subfield>
    <subfield code="4">0</subfield>
    <subfield code="7">0</subfield>
    <subfield code="8">GEN</subfield>
    <subfield code="a">MEURIBE</subfield>
    <subfield code="b">MEURIBE</subfield>
    <subfield code="c">GEN</subfield>
    <subfield code="d">2024-02-28</subfield>
    <subfield code="l">0</subfield>
    <subfield code="o">001.42 T15p</subfield>
    <subfield code="p">URI00038</subfield>
    <subfield code="r">2024-02-28 16:29:53</subfield>
    <subfield code="t">Ej.1</subfield>
    <subfield code="w">2024-02-28</subfield>
    <subfield code="y">BK</subfield>
  </datafield>
</record>
